000 00667nam a22002417a 4500
003 UA-OsUOA
001 46320
007 ta
008 20070613b un ||||| |||| 00| 0 ukr d
100 _aПріб Г. А.
090 _a347.77(075.8)
_bП77
942 _cBK
040 _aUA-OsUOA
_bukr
_cUA-OsUOA
_dUA-OsUOA
245 _aПатентознавство
_bНавчальний посібник
300 _a304 с.
955 _a2
041 _aukr
080 _a347.77(075.8)
020 _a978-966-388-138-7
260 _aК.
_bУ-т Україна
_c2007
650 7 _a347 Цивільне право. Судовий устрій
_2UDC
999 _c332419
_d332419